000 00529nam a2200181Ia 4500
008 240925s9999 xx 000 0 und d
020 _a72297565
082 _a658.4038 POS
100 _aPost, ,Gerald V.; Anderson ,David L.
245 0 _aManagement Information Systems: solving business problems with information technology
250 _a2nd
260 _aBoston:
_bMC Graw-Hill
_c,2000.
300 _axxi,1180p.
_bNA
_fPhotocopy
500 _aIncludes Index
600 _aManagement
650 _aManagement
942 _cBK
999 _c7019
_d7019